Social Structures of Accumulation / (Record no. 616683)

MARC details
000 -LEADER
fixed length control field 01429nam a2200181Ia 4500
008 - FIXED-LENGTH DATA ELEMENTS--GENERAL INFORMATION
fixed length control field 260302s9999 xx 000 0 und d
020 ## - INTERNATIONAL STANDARD BOOK NUMBER
ISBN 9780521459044
082 ## - DEWEY DECIMAL CLASSIFICATION NUMBER
Classification number 338.9
Item number KOT
100 ## - MAIN ENTRY--AUTHOR NAME
Personal name Kotz, David M.
245 #0 - TITLE STATEMENT
Title Social Structures of Accumulation /
Statement of responsibility, etc Kotz, David M.; McDonough, Terrence; Reich, Michael
260 ## - PUBLICATION, DISTRIBUTION, ETC. (IMPRINT)
Name of publisher Cambridge University Press,
Year of publication 1994
300 ## - PHYSICAL DESCRIPTION
Number of Pages 340 pages
520 ## - SUMMARY, ETC.
Summary, etc The social structure of accumulation (SSA) approach seeks to explain the long-term fortunes of capitalist economies in terms of the effect of political and economic institutions on growth rates. This book offers an ideal introduction to this powerful tool for understanding capitalist growth, analysing the social and economic differences between countries and the reasons for the successes and failures of institutional reform. The contributors cover a wide range of topics, including the theoretical basis of the SSA approach, the postwar financial system, Marxian and Keynesian theories of economic crisis, labour-management relations, race and gender issues, and the history of institutional innovation. Combining newly written essays with classic articles of the SSA school, the book examines the international economy and the economies of Japan, South Africa, and Puerto Rico, as well as the United States.
650 ## - SUBJECT ADDED ENTRY--TOPICAL TERM
Topical Term Business & Economics
700 ## - ADDED ENTRY--PERSONAL NAME
Personal name Reich, Michael
942 ## - ADDED ENTRY ELEMENTS (KOHA)
Koha item type English Books
Holdings
Withdrawn status Lost status Damaged status Not for loan Home library Current library Shelving location Date acquired Full call number Accession Number Price effective from Koha item type
        Anna Centenary Library Anna Centenary Library 4TH FLOOR, A WING 02.03.2026 338.9 KOT 192611 02.03.2026 English Books

Find us on the map